| 000 | 00483 a2200193 4500 | ||
|---|---|---|---|
| 005 | 20260209164709.0 | ||
| 008 | 260209b |||||||| |||| 00| 0 eng d | ||
| 020 |
_a9783031452581 _c€ 84.99 |
||
| 040 | _aMAIN | ||
| 082 |
_a577 _bC881E |
||
| 100 | _aCronan, Christopher S | ||
| 245 | _aEcology and ecosystems analysis | ||
| 260 |
_bSpringer _c2023 _aSwitzerland |
||
| 300 | _axiii, 282 | ||
| 650 | _aEcology | ||
| 650 | _aEcosystems | ||
| 650 | _aLife Science | ||
| 942 | _cBK | ||
| 999 |
_c395793 _d395793 |
||